Statistics for Countries by Wikipedia Descriptions #2

Click here to take the quiz!

General Stats

  • This quiz has been taken 40,891 times
    (40,848 since last reset)
  • The average score is 14 of 20

Answer Stats

HintAnswer% Correct
A long and narrow coastal Southern Cone country on the west side of the Andes MountainsChile
91%
Emerged as one of the world's earliest civilizations, in the fertile basin of the Yellow RiverChina
90%
Before Fidel Castro's 1959 revolution, it was one of the most advanced and
successful countries in Latin America
Cuba
87%
The most populous Spanish-speaking state in the worldMexico
84%
It is the largest wholly European countryUkraine
84%
An island country in the Indian Ocean, approximately 400 kilometres
off the coast of East Africa
Madagascar
83%
More than six million citizens, including 90% of the country's Jews, perished in the warPoland
81%
Bordered by Romania to the north, Serbia and Macedonia to the west,
Greece and Turkey to the south
Bulgaria
80%
In 2014, it was noted about 30% of the population was made up of millionairesMonaco
78%
A group of rebel military officers led by Muammar Gaddafi launched a
coup d'état against King Idris
Libya
76%
The renaming remains a contested issue. Many political and ethnic opposition groups
and countries continue to use "Burma"
Myanmar
76%
They built churches in every city and replaced some of the Inca temples with churches,
such as the Coricancha in the city of Cusco
Peru
76%
Has witnessed numerous military campaigns, including those by Alexander the Great, Mauryas,
Muslim Arabs, Mongols, British, Soviets, and most recently by a US-led coalition
Afghanistan
72%
Claims that the Western Sahara is part of its territoryMorocco
71%
The empire's centre of power was AngkorCambodia
59%
Lies on the equator and overlies the East African RiftKenya
57%
The island was the only known home of the dodoMauritius
56%
Its population is 9.2 million, of which 1.4 million are citizens and 7.8 million are expatriatesUnited Arab
Emirates
46%
Founded in 1819 as a trading post of the British East India CompanySingapore
40%
The country now depends on expensive food imports, mainly from South Africa and PortugalAngola
33%

Score Distribution

Percentile by Number Answered

Percent of People with Each Score

Your Score History

You have not taken this quiz since the last reset